|
|
|
|
| LEADER |
01603cas a2200253 a 4500 |
| 001 |
AALejournalIMF009348 |
| 008 |
230101c9999 xx r poo 0 0eng d |
| 020 |
|
|
|c 5.00 USD
|
| 020 |
|
|
|z 9781451867084
|
| 022 |
|
|
|a 1018-5941
|
| 040 |
|
|
|a BD-DhAAL
|c BD-DhAAL
|
| 100 |
1 |
|
|a Lane, Philip.
|
| 245 |
1 |
0 |
|a Europe and Global Imbalances /
|c Philip Lane, Gian Milesi-Ferretti.
|
| 264 |
|
1 |
|a Washington, D.C. :
|b International Monetary Fund,
|c 2007.
|
| 300 |
|
|
|a 1 online resource (59 pages)
|
| 490 |
1 |
|
|a IMF Working Papers
|
| 500 |
|
|
|a <strong>Off-Campus Access:</strong> No User ID or Password Required
|
| 500 |
|
|
|a <strong>On-Campus Access:</strong> No User ID or Password Required
|
| 506 |
|
|
|a Electronic access restricted to authorized BRAC University faculty, staff and students
|
| 520 |
3 |
|
|a Although Europe in the aggregate is a not a major contributor to global current account imbalances, its trade and financial linkages with the rest of the world mean that it will still be affected by a shift in the current configuration of external deficits and surpluses. We assess the macroeconomic impact on Europe of global current account adjustment under alternative scenarios, emphasizing both trade and financial channels. Finally, we consider heterogeneous exposure across individual European economies to external adjustment shocks.
|
| 538 |
|
|
|a Mode of access: Internet
|
| 700 |
1 |
|
|a Milesi-Ferretti, Gian.
|
| 830 |
|
0 |
|a IMF Working Papers; Working Paper ;
|v No. 2007/144
|
| 856 |
4 |
0 |
|z Full text available on IMF
|u http://elibrary.imf.org/view/journals/001/2007/144/001.2007.issue-144-en.xml
|z IMF e-Library
|